The Collected Stories /
Tallennettuna:
| Päätekijä: | |
|---|---|
| Muut tekijät: | |
| Aineistotyyppi: | Kirja |
| Kieli: | English Russian |
| Julkaistu: |
London :
David Campbell,
1999.
|
| Aiheet: | |
| Tagit: |
Lisää tagi
Ei tageja, Lisää ensimmäinen tagi!
|
| Thư viện lưu trữ: | Mạng thư viện Đại học Đà Nẵng |
|---|
| LEADER | 01164cam a2200397 i 4500 | ||
|---|---|---|---|
| 001 | 000047323 | ||
| 003 | 6933 | ||
| 005 | 20030408161357.0 | ||
| 008 | 010308|1999 vm 000 eng | ||
| 020 | |a 1857152514 | ||
| 022 | |a T | ||
| 040 | |a IRC |c IRC |d IRC | ||
| 041 | 1 | |a eng |h rus | |
| 082 | 1 | 4 | |a 891.73 |b PU-A |
| 100 | 1 | |a Pushkin, Alexander Sergeyevich, |d 1799-1837. | |
| 245 | 0 | 4 | |a The Collected Stories / |c Alexander Pushkin ; Translated from the Russian by Paul Debreczeny ; Introduced by John Bayley. |
| 260 | |a London : |b David Campbell, |c 1999. | ||
| 300 | |a 548p. ; |c 20.5cm. | ||
| 600 | 1 | 5 | |a Pushkin, A. Sergeyevich, |d 1799-1837. |
| 630 | 0 | 4 | |a Russian literature. |
| 630 | 0 | 4 | |a Russian stories. |
| 630 | 0 | 4 | |a Alexander Pushkin. |
| 630 | 0 | 4 | |a The collected Stories. |
| 650 | 0 | 4 | |a Literature, Russian |x Stories. |
| 650 | 0 | 4 | |a Pushkin, A. Sergeyevich, |d 1799-1837. |
| 700 | 1 | |a Debreczeny, Paul, |e translated. | |
| OWN | |a DUT | ||
| 999 | |a From the UDN01 | ||
| TYP | |a Monograph | ||
| TYP | |a Printed language | ||
| 980 | |a Mạng thư viện Đại học Đà Nẵng | ||


